Statistics for Speedy Pi digits 501-1000

Click here to take the quiz!

General Stats

  • This quiz has been taken 342 times
  • The average score is 150 of 500

Answer Stats

Digit% Correct
9
96%
8
91%
3
87%
3
78%
6
78%
3
74%
7
74%
3
70%
0
65%
2
65%
4
65%
4
65%
6
65%
0
61%
0
61%
2
61%
3
61%
4
61%
5
61%
6
61%
6
61%
6
61%
6
61%
8
61%
1
57%
3
57%
4
57%
9
57%
9
57%
2
52%
3
52%
4
52%
5
52%
6
52%
9
52%
0
48%
0
48%
0
48%
0
48%
0
48%
0
48%
0
48%
0
48%
1
48%
1
48%
1
48%
1
48%
1
48%
1
48%
1
48%
2
48%
2
48%
2
48%
2
48%
2
48%
2
48%
2
48%
3
48%
3
48%
3
48%
3
48%
3
48%
3
48%
4
48%
4
48%
4
48%
4
48%
4
48%
4
48%
5
48%
5
48%
5
48%
6
48%
6
48%
6
48%
6
48%
6
48%
6
48%
6
48%
7
48%
7
48%
7
48%
7
48%
7
48%
7
48%
7
48%
7
48%
7
48%
7
48%
7
48%
7
48%
7
48%
8
48%
8
48%
8
48%
8
48%
9
48%
9
48%
9
48%
9
48%
9
48%
9
48%
0
43%
5
43%
6
43%
9
43%
9
43%
0
39%
0
39%
0
39%
0
39%
0
39%
0
39%
0
39%
1
39%
1
39%
1
39%
1
39%
1
39%
1
39%
1
39%
1
39%
1
39%
2
39%
2
39%
2
39%
2
39%
2
39%
2
39%
2
39%
2
39%
2
39%
3
39%
3
39%
3
39%
3
39%
3
39%
3
39%
3
39%
4
39%
4
39%
4
39%
4
39%
4
39%
4
39%
4
39%
4
39%
4
39%
5
39%
5
39%
5
39%
5
39%
5
39%
5
39%
5
39%
5
39%
5
39%
6
39%
6
39%
6
39%
6
39%
6
39%
6
39%
6
39%
7
39%
7
39%
7
39%
7
39%
7
39%
7
39%
7
39%
7
39%
7
39%
7
39%
7
39%
7
39%
7
39%
7
39%
7
39%
8
39%
8
39%
8
39%
8
39%
8
39%
8
39%
8
39%
8
39%
9
39%
9
39%
9
39%
9
39%
9
39%
9
39%
0
35%
1
35%
1
35%
1
35%
1
35%
2
35%
2
35%
2
35%
2
35%
2
35%
3
35%
4
35%
5
35%
5
35%
5
35%
6
35%
8
35%
9
35%
9
35%
9
35%
9
35%
0
30%
0
30%
1
30%
2
30%
6
30%
9
30%
9
30%
0
26%
1
26%
1
26%
1
26%
2
26%
3
26%
3
26%
4
26%
4
26%
4
26%
5
26%
6
26%
6
26%
8
26%
8
26%
8
26%
4
22%
7
22%
7
22%
7
22%
9
22%
0
17%
0
17%
0
17%
0
17%
0
17%
0
17%
0
17%
0
17%
0
17%
0
17%
0
17%
0
17%
0
17%
0
17%
0
17%
0
17%
0
17%
0
17%
0
17%
0
17%
0
17%
0
17%
0
17%
0
17%
1
17%
1
17%
1
17%
1
17%
1
17%
1
17%
1
17%
1
17%
1
17%
1
17%
1
17%
1
17%
1
17%
1
17%
1
17%
1
17%
1
17%
1
17%
1
17%
1
17%
1
17%
1
17%
1
17%
1
17%
1
17%
1
17%
1
17%
1
17%
1
17%
1
17%
1
17%
2
17%
2
17%
2
17%
2
17%
2
17%
2
17%
2
17%
2
17%
2
17%
2
17%
2
17%
2
17%
2
17%
2
17%
2
17%
2
17%
2
17%
2
17%
2
17%
2
17%
2
17%
2
17%
3
17%
3
17%
3
17%
3
17%
3
17%
3
17%
3
17%
3
17%
3
17%
3
17%
3
17%
3
17%
3
17%
3
17%
3
17%
3
17%
3
17%
3
17%
3
17%
3
17%
3
17%
3
17%
3
17%
3
17%
3
17%
3
17%
3
17%
3
17%
3
17%
4
17%
4
17%
4
17%
4
17%
4
17%
4
17%
4
17%
4
17%
4
17%
4
17%
4
17%
4
17%
4
17%
4
17%
5
17%
5
17%
5
17%
5
17%
5
17%
5
17%
5
17%
5
17%
5
17%
5
17%
5
17%
5
17%
5
17%
5
17%
5
17%
5
17%
5
17%
5
17%
5
17%
5
17%
5
17%
5
17%
5
17%
5
17%
5
17%
5
17%
5
17%
5
17%
6
17%
6
17%
6
17%
6
17%
6
17%
6
17%
6
17%
6
17%
6
17%
6
17%
6
17%
6
17%
6
17%
6
17%
6
17%
6
17%
6
17%
6
17%
6
17%
6
17%
7
17%
7
17%
7
17%
7
17%
7
17%
7
17%
7
17%
7
17%
7
17%
7
17%
7
17%
7
17%
7
17%
7
17%
7
17%
7
17%
7
17%
7
17%
7
17%
7
17%
7
17%
7
17%
7
17%
7
17%
7
17%
7
17%
7
17%
8
17%
8
17%
8
17%
8
17%
8
17%
8
17%
8
17%
8
17%
8
17%
8
17%
8
17%
8
17%
8
17%
8
17%
8
17%
8
17%
8
17%
8
17%
8
17%
8
17%
8
17%
8
17%
8
17%
8
17%
8
17%
8
17%
8
17%
8
17%
8
17%
9
17%
9
17%
9
17%
9
17%
9
17%
9
17%
9
17%
9
17%
9
17%
9
17%
9
17%
9
17%
9
17%
9
17%
9
17%
9
17%
9
17%
9
17%
9
17%
9
17%
9
17%
9
17%
9
17%
9
17%
9
17%
9
17%
9
17%
0
13%
1
13%
2
13%
4
13%
8
13%
9
13%
9
13%

Score Distribution

Percentile by Number Answered

Percent of People with Each Score

Your Score History

You have not taken this quiz